NLSUI OPAC header image

Committee and commissions in India 1980. Vol.18. Part. B (Record no. 7755)

MARC details
000 -LEADER
fixed length control field 02759nam a2200217Ia 4500
003 - CONTROL NUMBER IDENTIFIER
control field OSt
005 - DATE AND TIME OF LATEST TRANSACTION
control field 20210331123027.0
008 - FIXED-LENGTH DATA ELEMENTS--GENERAL INFORMATION
fixed length control field 160316s1994 xxu||||| |||| 00| 0 eng d
020 ## - INTERNATIONAL STANDARD BOOK NUMBER
International Standard Book Number 9788170225119
040 ## - CATALOGING SOURCE
Transcribing agency .
082 ## - DEWEY DECIMAL CLASSIFICATION NUMBER
Classification number 328.365
Item number KUM-XVIII-
100 ## - MAIN ENTRY--PERSONAL NAME
Personal name Kumar Virendra
245 ## - TITLE STATEMENT
Title Committee and commissions in India 1980. Vol.18. Part. B
260 ## - PUBLICATION, DISTRIBUTION, ETC.
Place of publication, distribution, etc. New Delhi
Name of publisher, distributor, etc. Concept Publishing Co.
Date of publication, distribution, etc. 1994
300 ## - PHYSICAL DESCRIPTION
Extent 557p
365 ## - TRADE PRICE
Price amount Rs.450/-
505 ## - FORMATTED CONTENTS NOTE
Formatted contents note Contents<br/>PARTB<br/>II. Study Group on:Insat Television Utilization for Education and Development, 1980 – Report;<br/>12. Working Group on the Developmenrof Scheduled Castes 1980-1985, 1980 – Report;<br/>13. Working Group on TribalDevelopment During Sixth Plan 1980-85, 1980-Report;<br/>14. AllIndia Committee on Jail Reforms, 1980~83 – Report;<br/>15. Railway Accident Investigation Report on the Outbreak of Fire in First Class Coach No. CR-2934 of<br/>No. 149 Up Qutab Express Between Teharka and Niwari Stations on the Jhansi-Manikpur Broad Gauge Single Line<br/>Section of Central Railway's Jhansi Division at About 03.45 Hours on September 9, 1980 – Report;<br/>16. Railway Accident Investigation Report on Collision of No. E-3 Down EMU 'Madras Central-Gummidipundi<br/>Passenger' Train with a P.T.C. Bus No. TMN 1607 at Manned Level Crossing No. 10 at Km. 13/2 B~tween<br/>Tiruvottiyur and Ennore Stations Madras-Gudur - Broad Gauge Double Line Section of Southern<br/>Railway on October 17, 1980 – Report;<br/>17. Railway Accident Investigation Report on Collision of No. 6 Up Punjab Mail with Stationery Goods Train No. 747 Down in ItarsiStation Yard on Central Railway on October 20. 1980 – Report;<br/>18. Committee on Consumer Price Index Numbers, 1980 – Report;<br/>19. Working Group on the Financial Resources set up by the Apex Committee on International Drinking<br/>Water Supply and Sanitation Decade 1981-90. 1980 – Report;<br/>20. Working Group on the Materials and Equipment set up by the Apex Committee on International Drinking<br/>Water Supply and Sanitation Decade 1981-90. 1980 - Report<br/>21. Working Group on the Programmes and Manpower set up by the Apex Committee on International Drinking<br/>Water Supply and Sanitation Decade 1981-90. 1980 – Report;<br/>22 .. Railway Accident Investigation Report on Derailment of No. 217 Up Ariskere-Hubli Passenger Train<br/>at km. 462/5-8 Between Kundgol and Hubli Single Gauge Section of Mysore Division on<br/>Southern Railway on December 29. 1980 – Report;<br/>23. The Committee on Wind Engineering. 1980 – Report;<br/>Chairman Index of Committees & Commissions in India,<br/>1947-78, Volumes / to /8<br/>Contents Survey of Committees & Commissions in India,<br/>1947-78, Volumes / to /8.<br/>
650 ## - SUBJECT ADDED ENTRY--TOPICAL TERM
Topical term or geographic name entry element 1.Committees - Commissions - India
700 ## - ADDED ENTRY--PERSONAL NAME
Personal name
--
942 ## - ADDED ENTRY ELEMENTS (KOHA)
Source of classification or shelving scheme Dewey Decimal Classification
Koha item type BOOKs
Holdings
Withdrawn status Lost status Damaged status Not for loan Home library Current library Shelving location Date acquired Cost, normal purchase price Total Checkouts Full call number Barcode Date last seen Price effective from Koha item type
        . .   30.05.2017 450.00   328.365 KUM-XVIII- 7986 14.06.2024 30.05.2017 BOOKs